Régimen de copropiedad inmobiliaria: con todos los valores agregados Legis
Guardado en:
| Autor Corporativo: | |
|---|---|
| Formato: | Libro |
| Lenguaje: | español |
| Publicado: |
Santiago
Legis
2002
|
| Edición: | 1a. ed |
| Colección: | Eruditos Prácticos Legis
|
| Materias: | |
| Etiquetas: |
Agregar Etiqueta
Sin Etiquetas, Sea el primero en etiquetar este registro!
|
MARC
| LEADER | 00000nam a2200000 a 4500 | ||
|---|---|---|---|
| 001 | UCI8179 | ||
| 003 | CL-VaPUC | ||
| 008 | 080813e20020000CL |||||||||||||||||spa|d | ||
| 020 | |a 9567498091 | ||
| 082 | 0 | 4 | |a 346.830433 |b LEG |2 21 |
| 110 | 2 | |a Legis Chile S. A |e author |9 531667 | |
| 245 | 1 | 0 | |a Régimen de copropiedad inmobiliaria: con todos los valores agregados Legis |
| 250 | |a 1a. ed | ||
| 300 | |a 247 p | ||
| 942 | |c BK | ||
| 945 | |d 20080813 00:00:00 |a rbrito | ||
| 260 | |a Santiago |b Legis |c 2002 | ||
| 500 | |a Incluye CD | ||
| 650 | 0 | |a Copropiedad inmobiliaria |9 413824 | |
| 650 | 0 | |a Derecho de propiedad |9 256450 | |
| 650 | 0 | |a Urbanismo |9 255208 | |
| 650 | 0 | |a Bienes raíces |9 307158 | |
| 650 | 0 | |a Código de procedimiento civil |9 256305 | |
| 650 | 0 | |a Viviendas sociales |9 266841 | |
| 583 | |a last modification |c 20080813 00:00:00 |k Rodrigo Vera | ||
| 490 | 0 | |a Eruditos Prácticos Legis | |
| 999 | |c 331200 |d 331198 | ||